000 00406nam a2200181Ia 4500
001 14304
005 20260306164904.0
008 260306t2005||||xx |||||||||||||| ||spa||
041 _aESP
082 _a511.3
_bJ74 2005
100 _aJohnsonbaugh, Richard
_eAUT
245 0 _aMatemáticas discretas
260 _c2005
300 _a
_c
650 _aGEN
654 _aCMA
942 _cLIB
_dJUS
_fJUS
_2ddc
_n
999 _c14304
_d14304